Report on Monetary Development for the Period from January to September
Gespeichert in:
| Format: | Buch |
|---|---|
| Sprache: | Englisch |
| Veröffentlicht: |
Praha
Česká národní banka
1992
|
| Ausgabe: | 1. vyd. |
| Schlagworte: | |
| Tags: |
Keine Tags, Fügen Sie das erste Tag hinzu!
|
MARC
| LEADER | 00000nam a2200000 4500 | ||
|---|---|---|---|
| 001 | c002815 | ||
| 005 | 20221206083537.5 | ||
| 041 | 0 | |a eng | |
| 044 | |a CZ | ||
| 245 | 1 | 0 | |a Report on Monetary Development for the Period from January to September |
| 250 | |a 1. vyd. | ||
| 264 | 1 | |a Praha |b Česká národní banka |c 1992 | |
| 300 | |a 41 s. | ||
| 610 | 2 | 0 | |a ČSFR |
| 610 | 2 | 0 | |a 1992 |
| 610 | 2 | 0 | |a vývoj hospodársky |
| 610 | 2 | 0 | |a ŠBČS |
| 610 | 2 | 0 | |a banky |
| 610 | 2 | 0 | |a štatistika |
| 610 | 2 | 0 | |a trh peňažný |
| 610 | 2 | 0 | |a trh kapitálový |
| 610 | 2 | 0 | |a burzy |
| 610 | 2 | 0 | |a politika menová |
| 610 | 2 | 0 | |a politika peňažná |